000 00913cab a2200241 4500
001 ABS53649
008 090401t1995 xxu||||| |||| 00| 0 eng d
035 _a(Sirsi) u5601
041 _aeng
100 _aBrown, N.
245 _aCommonsense makes good sense when testing the law
260 _c1995
350 _a0
490 _aProperty Week
_v52(13) 28 September 1995, 27(1)
520 _aExamines how the courts have dealt with the Law of Property (Mscellaneous Provisons) Act 1989 s2. Discusses recent case law including "Record v Bell" (WB2701-46), "Tootal Clothing Ltd v Guinea Properties Management" (Abs47269) and "McCausland v Duncan Lawrie Ltd" (WB3129-36).
650 _aCONTRACT OF SALE
650 _aCONVEYANCING
650 _aLAW OF PROPERTY (MISCELLANEOUS PROVISIONS) ACT 1989 S2
650 _aSALE OF LAND
690 _aPROPERTY LAW AND PRACTICE
942 _n0
948 _c04/03/1997
999 _c3342
_d3342